| 000 | 00439nam a2200169Ia 4500 | ||
|---|---|---|---|
| 008 | 230524s9999 xx 000 0 und d | ||
| 082 |
_a510 _bHUN |
||
| 100 |
_aBrain R.Hunt. _924339 |
||
| 245 | 2 | _aA Guide to Matlab | |
| 250 | _a1ST | ||
| 260 |
_aNEW DELHI _bCambridge _c2003 |
||
| 300 | _aXI;317 | ||
| 500 | _aQuantity Number: 1 | ||
| 650 | _aMathematics | ||
| 700 |
_a"Ronald L.Lipsman,Jonathan M.Rosenberg,,," _924340 |
||
| 942 | _cBK | ||
| 999 |
_c35956 _d35956 |
||